| 000 | 00474nam a2200157 4500 | ||
|---|---|---|---|
| 008 | 020801s1979 us eng | ||
| 020 | _a0840756836 | ||
| 090 |
_aBS600.2 _bSp2 |
||
| 100 | 1 | _aSpande, Norma | |
| 245 | 1 | 0 |
_aYour guide to succesful home Bible studies / _cNorma Spande. |
| 260 |
_aNashville : _bThomas Nelson, _cc1979. |
||
| 300 | _a143 p. | ||
| 650 | 4 |
_aBible _xStudy. |
|
| 950 | 0 | _3.95 | |
| 951 |
_p7797 _x00013036 _oBS600.2/Sp2 _j070613111135828 _d2000-12-21 _cGC |
||
| 999 |
_c12395 _d12395 |
||